Представление документа в формате RUSMARC

ПолеНазваниеЗначение
  Тип записи a
  Библиографический уровень m
001 Контрольный номер RU/IS/BASE/527004361
005 Дата корректировки 20240209174647.9
010 Индекс ISBN __
a ISBN
b Уточнения в пер.
d Цена 49 р. 67 к.
9 Тираж экз.
100 Данные общей обработки __
a Данные общей обработки 20160907d2016 ||| 0rusy0189 ca
101 Язык документа 0_
a Язык текста rus
102 Страна публикации __
a Страна публикации RU
105 Кодированные данные (монография) __
a Кодированные данные (монография) y###||||000|y
200 Заглавие и сведения об ответственности 1_
a Заглавие Загадочный Пушкин
b Общее обозначение материала Текст
f Первые сведения об ответственности В. В. Вересаев
g Последующие сведения об ответственности сост. и коммент. Ю. Фохт-Бабушкина
210 Выходные данные 1_
a Место издания Москва
c Издательство Республика
d Дата издания 1999
215 Физическое описание __
a Объем 399 с.
d Формат см.
300 Общие примечания __
a Общие примечания Ограничения по возрасту - +
300 Общие примечания __
a Общие примечания Под инв. номером 67750: 4-1,9н-1,22-1
600 Персоналии _0
a Персоналии (Фамилия) Пушкин
b Персоналии (Имя, инициалы) А. С.
606 Тематические рубрики 0_
a Основная рубрика Пушкин, Александр Сергеевич (1799-1837)
610 Ключевые слова 0_
a Ключевые слова проза русская
a Ключевые слова поэзия русская
a Ключевые слова классика русская
a Ключевые слова биографии писателей
a Ключевые слова биографии
686 Индексы других классификаций __
a Классификационный индекс 83.3(2Рос=Рус)1
2 Код системы ББК
700 Автор _0
a Фамилия Вересаев
b Имя (инициалы) Викентий Викентьевич
g Полное личное имя В. В.
801 Источник записи _0
a Страна RU
b Организация МБУК ЦБС
c Дата составления 20160907
g Правила каталогизации RCR
801 Источник записи _1
a Страна RU
b Организация МБУК ЦБС г. Ульяновска
c Дата составления 20160907
g Правила каталогизации RCR
899 Данные о местонахождении __
i Авторский знак В 31
j Расстановочный фильтр 83.3(2Рос=Рус)1
901 Тип документа __
t Тип документа m
910 Корректоры записи __
a Корректор записи Егорова